书目信息 |
| 题名: |
体育英语
|
|
| 作者: | 张单 , 张鹏超 , 刘琴 主编 | |
| 分册: | ||
| 出版信息: | 汕头 汕头大学出版社 2021.9 |
|
| 页数: | 130页 | |
| 开本: | 24cm | |
| 丛书名: | ||
| 单 册: | ||
| 中图分类: | G8 | |
| 科图分类: | ||
| 主题词: | 体育--英语--教材 | |
| 电子资源: | ||
| ISBN: | 978-7-5658-4055-5 | |
| 000 | 01363nam0 2200253 45 | |
| 001 | 012001001654 | |
| 005 | 20141011084110.0 | |
| 010 | @a978-7-5658-4055-5@dCNY55.00 | |
| 100 | @a20200423d2020 em y0chiy0110 ea | |
| 101 | 0 | @achi |
| 102 | @aCN@b440000 | |
| 105 | @ay z 000yy | |
| 106 | @ar | |
| 200 | 1 | @a体育英语@Ati yu ying yu@f张单,张鹏超,刘琴主编 |
| 210 | @a汕头@c汕头大学出版社@d2021.9 | |
| 215 | @a130页@d24cm | |
| 330 | @a本教程《体育英语》以主流体育运动项目为纲,对每个项目的起源、术语、技战术及风云人物做具体介绍,并且设置相关练习。本教程共6个项目,每个项目为一个单元,分别是篮球、网球、排球、兵乓球、羽毛球、足球,从四个维度构划全文,分别是运动项目简介、技战术、专业术语、练习。每个项目均以文化视角切入,在引发读者兴趣的基础上引入项目相关知识,文化比重合理,实际效果突出,同时收集了国内外体育类书报杂志与网站的众多文章,体现其时效性、国际性与科学性。选文力争新颖,语言规范,具有较强的可读性;选文题材广泛,体现体育界的各种现实问题。精心设计练习,对体育活动及体育文章中的词汇、术语、语法、体裁进行深入分析后编写相应习题,帮助学生巩固学习重点。练习与大学英语四、六级考试题型挂钩,一举两得,满足学生实际需要。 | |
| 606 | 0 | @a体育@x英语@j教材 |
| 690 | @aG8@v5 | |
| 701 | 0 | @a张单@Azhang dan@4主编 |
| 701 | 0 | @a张鹏超@Azhang peng chao@4主编 |
| 701 | 0 | @a刘琴@Aliu qin@4主编 |
| 801 | 0 | @aCN@b江苏凤凰@c20211018 |
| 905 | @b1345195-8@dG8@e890@f4 | |
| 体育英语/张单,张鹏超,刘琴主编.-汕头:汕头大学出版社,2021.9 |
| 130页;24cm |
| ISBN 978-7-5658-4055-5:CNY55.00 |
| 本教程《体育英语》以主流体育运动项目为纲,对每个项目的起源、术语、技战术及风云人物做具体介绍,并且设置相关练习。本教程共6个项目,每个项目为一个单元,分别是篮球、网球、排球、兵乓球、羽毛球、足球,从四个维度构划全文,分别是运动项目简介、技战术、专业术语、练习。每个项目均以文化视角切入,在引发读者兴趣的基础上引入项目相关知识,文化比重合理,实际效果突出,同时收集了国内外体育类书报杂志与网站的众多文章,体现其时效性、国际性与科学性。选文力争新颖,语言规范,具有较强的可读性;选文题材广泛,体现体育界的各种现实问题。精心设计练习,对体育活动及体育文章中的词汇、术语、语法、体裁进行深入分析后编写相应习题,帮助学生巩固学习重点。练习与大学英语四、六级考试题型挂钩,一举两得,满足学生实际需要。 |
| ● |
| 相关链接 |
|
|
|
|
正题名:体育英语
索取号:G8/890
 
预约/预借
| 序号 | 登录号 | 条形码 | 馆藏地/架位号 | 状态 | 备注 |
| 1 | 1345195 | 213451959 | 第一样本阅览室/ [索取号:G8/890] | 在馆 | |
| 2 | 1345196 | 213451968 | 第四借阅区/ [索取号:G8/890] | 在馆 | |
| 3 | 1345197 | 213451977 | 第四借阅区/ [索取号:G8/890] | 在馆 | |
| 4 | 1345198 | 213451986 | 第四借阅区/ [索取号:G8/890] | 在馆 |